| 000 | 00421nam a2200145Ia 4500 | ||
|---|---|---|---|
| 008 | 230917s9999||||xx |||||||||||||| ||und|| | ||
| 040 |
_e175531 _aMAIN |
||
| 041 | _aEnglish | ||
| 082 | _a891.432751 MG312B | ||
| 100 | _aमान, ज्ञान सिंह | ||
| 245 | 0 | _aबैरी मीत समान | |
| 260 |
_aलुधियाना _bस्मृति _c1976 |
||
| 300 | _a52 पृ. p. | ||
| 942 | _cHN | ||
| 999 |
_c206777 _d206777 |
||